000 00662nam a2200253Ia 4500
005 20260121154040.0
008 008 260114s9999 xx 000 0 eng d
020 _a9781003281962
037 _aEBOOK
040 _aCRL
040 _beng
040 _cCRL
041 _2eng
041 _aeng
084 _qCRL
100 _a Elizabeth D. Kilmer; Adam D. Davis; Jared N. Kilmer; Adam R. Johns
_91002383
245 0 _aTherapeutically Applied Role-Playing Games
260 _bTaylor and Francis
260 _c2023
856 _uhttp://www.taylorfrancis.com/books/9781003281962
942 _cEBOOK
999 _c1569204
_d1569204